000 00501cam a22001694a 4500
005 20250605164148.0
008 250528s ||||||||||||||||||||||||d
035 _a19258
040 _aGR-AtMCL
_bgre
_dGR-AtMCL
_eAACR2
245 1 _aΒίνσεντ βαν Γκογκ - Vincent van Gogh / Πινακοθήκη Διάσημων Ζωγράφων
260 _bΑλκυών,
_c1992
300 _a114
700 1 _aΣχινά Αθηνά
_95464
942 _cBK
999 _c4524
_d4524